| 000 | 00793nam a2200217Ii 4500 | ||
|---|---|---|---|
| 003 | JO-AjNU | ||
| 008 | 230605s9999||||xx |||||||||||||| ||und|| | ||
| 017 | _a2000/2/534 | ||
| 040 |
_aJO-AjNU _bara _erda _cJO-AjNU |
||
| 041 | _aara | ||
| 050 | 1 | 4 | _aG155.J6.M35 2000 |
| 100 | 3 |
_aمقابلة، خالد، م مشارك فيصل الحاج ذيب , _eauthor _957535 |
|
| 245 | 0 | 0 | _aصناعة السياحة في الاردن = Tourism Industry In Jordan |
| 250 | _aط1 | ||
| 264 | 3 | 1 | _aعمان: دار وائل للنشر، 2000 |
| 300 |
_a379ص _bببليوجرافيا 372-379 |
||
| 336 |
_atext _btxt _2rdacontent |
||
| 337 |
_aunmediated _bn _2rdamedia |
||
| 338 |
_avolume _bnc _2rdacarrier |
||
| 650 | 4 |
_aالسياحة-الاردن - تخطيط - جواتب اقتصادية _957536 |
|
| 999 |
_aA25790 _c29358 _d29358 |
||